000 ncm a22 a 4500
999 _c349552
_d349552
003 BLK
005 20201007040653.0
008 200325b bu ||||| |||| 00| 0 bu d
040 _aBLK
041 _aBUL
_cBUL
080 _aИнструментална музика
_b785
_z785
100 _aЖелязов, Георги Кръстев
_eпърви автор
_91299
139 _aЖелязов, Георги Кръстев
_bЖ 37
245 _aШкола за обой
_bНотирана музика
_cГеорги Желязов
260 _9209430
_aСофия
_bМузика
_c1978
300 _a200 с.
_c33 см
_e1 л.
380 _a7
500 _a442 тир.
852 _aМ ІІ 6338
942 _cNOT
_n0
_s1
944 _aCR
_c2020-03-25
_l2020-03-25
999 _d349552
999 _d349551
999 _d349549
999 _d349544
999 _d349536
999 _d349531
999 _d349530
999 _d349529